000 00642nam a2200217Ia 4500
003 OSt
005 20250201112750.0
008 210716s1982 xx 000 0 und d
020 _a0060910682
040 _cAIMIT LIBRARY
041 _aeng
082 _a813.54
_21
_bMASB
100 _aMason, Bobbie Ann.
_9196914
245 _aShiloh and other stories /
_cBy Bobbie Ann Mason.
250 _a1st ed.
260 _aNew York :
_bHarper and Row publishers ;
_c1982.
300 _a247p. ;
_bPB
_c20 cm.
650 _aStill life with watermelon
_9196915
650 _aResidents and transients
_9196916
942 _2ddc
_cBK
_e1st ed.
_k813.54 MASB
999 _c199947
_d199947